[Event "CRO-chT Cup 22nd"]
[Site "Bol"]
[Date "2013.05.24"]
[Round "4.123"]
[White "Ozanic, Marijan"]
[Black "Bender, Zdenko"]
[Result "1-0"]
[WhiteElo "2124"]
[BlackElo "2136"]
[PlyCount "87"]
[EventDate "2013.05.22"]
[EventType "team"]
[EventRounds "6"]
[EventCountry "CRO"]
[SourceTitle "CBM 154 Extra"]
[Source "ChessBase"]
[SourceDate "2013.06.25"]
[SourceVersion "2"]
[SourceVersionDate "2013.06.25"]
[SourceQuality "1"]
[WhiteTeam "Vinkovci"]
[BlackTeam "Dubrovnik"]
[WhiteTeamCountry "CRO"]
[BlackTeamCountry "CRO"]

1. e4 e6 2. Qe2 c5 3. g3 Nc6 4. Bg2 d6 5. c3 Be7 6. f4 e5 7. d3 Bf6 8. Nf3 b5 9. d4 Qa5 10. fxe5 dxe5 11. d5 Nd8 12. Be3 c4 13. Nbd2 Rb8 14. 0-0 Qc7 15. a4 a6 16. axb5 axb5 17. h3 Ne7 18. Nh2 Ng6 19. Ng4 Be7 20. Ra7 Rb7 21. Rfa1 0-0 22. Nf2 Bc5 23. Bxc5 Qxc5 24. Rxb7 Nxb7 25. Kh2 Nd6 26. h4 Ne7 27. Ng4 f6 28. Qe3 Qc7 29. Ra7 Bb7 30. Bh3 Nec8 31. Ra1 Nb6 32. Rb1 Ra8 33. Nf2 Ra2 34. Be6+ Kh8 35. g4 Na4 36. g5 Qe7 37. Ng4 Ne8 38. gxf6 gxf6 39. Nh6 Ng7 40. Nf7+ Kg8 41. Rg1 Rxb2 42. Qh6 Rxd2+ 43. Kh1 Qf8 44. Nxe5+ 1-0

[Event "Zupanja op 4th"]
[Site "Zupanja"]
[Date "2010.08.21"]
[Round "3"]
[White "Dulic, Grgur"]
[Black "Ozanic, Marijan"]
[Result "1-0"]
[WhiteElo "2229"]
[BlackElo "2140"]
[PlyCount "101"]
[EventDate "2010.08.20"]
[EventType "swiss"]
[EventRounds "6"]
[EventCountry "CRO"]
[SourceTitle "CBM 138 Extra"]
[Source "ChessBase"]
[SourceDate "2010.10.29"]
[SourceVersion "1"]
[SourceVersionDate "2010.10.29"]
[SourceQuality "1"]

1. e4 c5 2. Nc3 Nc6 3. f4 d6 4. Nf3 g6 5. Bc4 Bg7 6. 0-0 e6 7. d3 Nge7 8. a4 d5 9. Bb3 0-0 10. Qe1 Nd4 11. Nxd4 Bxd4+ 12. Kh1 Bg7 13. Qh4 d4 14. Ne2 Nc6 15. Qh3 Kh8 16. Bd2 Na5 17. Ba2 Nc6 18. Be1 a6 19. Bh4 Bf6 20. Bxf6+ Qxf6 21. e5 Qg7 22. Ng3 f6 23. exf6 Rxf6 24. Qh4 b6 25. Rae1 Ra7 26. Ne4 Rf8 27. Nd6 Bd7 28. Bxe6 Bxe6 29. Rxe6 Re7 30. Qe1 Rxe6 31. Qxe6 Qe7 32. Qxe7 Nxe7 33. g3 Nd5 34. Re1 Kg7 35. Re5 Nb4 36. Re7+ Kf6 37. Rb7 Nxc2 38. Rxb6 Ke7 39. Ne4 Rc8 40. b3 Nb4 41. Nf2 Kd7 42. Rb7+ Kc6 43. Rxh7 Re8 44. Rh6 Re2 45. Rxg6+ Kb7 46. Kg1 Rb2 47. f5 Rxb3 48. f6 Nxd3 49. f7 Rb1+ 50. Kg2 Rb2 51. f8Q 1-0

[Event "CRO-chT2c"]
[Site "Croatia"]
[Date "2009.05.02"]
[Round "4"]
[White "Ozanic, Marijan"]
[Black "Tonkovic, Josip"]
[Result "1/2-1/2"]
[WhiteElo "2150"]
[BlackElo "2076"]
[PlyCount "106"]
[EventDate "2009.04.04"]
[EventType "team-tourn"]
[EventRounds "11"]
[EventCountry "CRO"]
[SourceTitle "EXT 2010"]
[Source "ChessBase"]
[SourceDate "2010.11.25"]
[SourceVersion "1"]
[SourceVersionDate "2010.11.25"]
[SourceQuality "1"]

1. e4 c5 2. Nf3 d6 3. d4 cxd4 4. Nxd4 Nf6 5. Nc3 a6 6. Bc4 e6 7. Bb3 Be7 8. 0-0 Nc6 9. Re1 Qc7 10. Be3 b5 11. Nxc6 Qxc6 12. Qd4 0-0 13. f3 Bb7 14. Rad1 Rfd8 15. a4 Nd7 16. Qb4 bxa4 17. Bxa4 Qc7 18. Bxd7 Rxd7 19. Bb6 Qc6 20. Qa5 Bf6 21. Bd4 Bd8 22. Qa4 Rc8 23. Qxc6 Bxc6 24. Ra1 a5 25. Red1 d5 26. exd5 Bxd5 27. Nxd5 Rxd5 28. Bc3 Bb6+ 29. Kf1 Rcd8 30. Ke2 f6 31. Rxd5 Rxd5 32. Ra3 Bc7 33. h3 Kf7 34. Rb3 Ke8 35. Rb7 Kd7 36. Rb3 h5 37. Bd2 g5 38. Rd3 Kc6 39. c4 Rxd3 40. Kxd3 Kc5 41. b3 Bd8 42. Ke4 Kd6 43. g4 hxg4 44. hxg4 Kc5 45. Kd3 Kd6 46. Be3 Kc6 47. Bd4 Be7 48. Bc3 Bd8 49. Kd4 Bb6+ 50. Ke4 Bd8 51. b4 axb4 52. Bxb4 Kb6 53. Bf8 Kc6 1/2-1/2

[Event "CRO-chT2 East"]
[Site "Croatia"]
[Date "2005.03.19"]
[Round "2.2"]
[White "Ozanic, Marijan"]
[Black "Saric, Sinisa"]
[Result "0-1"]
[WhiteElo "2191"]
[BlackElo "2351"]
[PlyCount "64"]
[EventDate "2005.03.19"]
[EventType "team"]
[EventRounds "11"]
[EventCountry "CRO"]
[SourceTitle "EXT 2007"]
[Source "ChessBase"]
[SourceDate "2006.11.23"]
[SourceVersion "1"]
[SourceVersionDate "2006.11.23"]
[SourceQuality "1"]
[WhiteTeam "Vinkovci"]
[BlackTeam "Bobota"]
[WhiteTeamCountry "CRO"]
[BlackTeamCountry "CRO"]

1. e4 d5 2. exd5 Qxd5 3. Nc3 Qa5 4. d4 Nf6 5. Bd3 Bg4 6. Nge2 Nc6 7. f3 Bf5 8. Be3 Nb4 9. Bxf5 Qxf5 10. Rc1 0-0-0 11. a3 Nc6 12. Ng3 Qg6 13. Nce2 e5 14. c3 exd4 15. cxd4 Nd5 16. Bf2 h5 17. 0-0 h4 18. Ne4 Be7 19. b4 f5 20. Nc5 Bg5 21. Qd3 Bxc1 22. Rxc1 h3 23. Bg3 Nce7 24. Qb5 Qb6 25. Qc4 Rh6 26. Na4 Qc6 27. Qb3 Qa6 28. b5 Qg6 29. Qc2 f4 30. Nxf4 Qxc2 31. Rxc2 hxg2 32. Nxg2 Nf5 0-1

[Event "Slavonija"]
[Site "Vinkovci"]
[Date "2001.08.04"]
[Round "3"]
[White "Goric, Esad"]
[Black "Ozanic, Marijan"]
[Result "1/2-1/2"]
[WhiteElo "2300"]
[BlackElo "2305"]
[PlyCount "105"]
[EventDate "2001.08.04"]
[EventType "tourn"]
[EventRounds "5"]
[EventCountry "CRO"]
[EventCategory "3"]
[SourceTitle "CBM 083 Extra"]
[Source "ChessBase"]
[SourceDate "2001.09.11"]
[SourceVersion "1"]
[SourceVersionDate "2001.09.11"]
[SourceQuality "1"]

1. d4 f5 2. Nc3 d5 3. Nf3 Nf6 4. Bg5 Nbd7 5. e3 e6 6. Ne2 Be7 7. Nf4 Kf7 8. Nd3 Rf8 9. c4 Ne4 10. Bxe7 Qxe7 11. Be2 Kg8 12. Qc2 c6 13. 0-0 g5 14. Nfe5 Nxe5 15. Nxe5 Bd7 16. f3 Nf6 17. Bd3 dxc4 18. Bxc4 Nd5 19. Rfe1 Rad8 20. Rad1 Kg7 21. e4 fxe4 22. fxe4 Nf4 23. Qc3 Ng6 24. Nxg6 Kxg6 25. Qe3 Rf4 26. g3 Rf7 27. Rf1 Rdf8 28. Rxf7 Rxf7 29. a3 Qf6 30. Kg2 b5 31. e5 Qe7 32. Bd3+ Kg7 33. Be4 Be8 34. Re1 h6 35. Kg1 Qd8 36. b4 a5 37. Qc3 a4 38. Rf1 Rxf1+ 39. Kxf1 Qd7 40. Kg2 Kg8 41. Qc5 Kg7 42. Bf3 h5 43. h3 Kh6 44. Qf8+ Kh7 45. Qc5 Kg7 46. Kf2 Qf7 47. Ke2 h4 48. gxh4 gxh4 49. Ke3 Kh6 50. Qd6 Qf5 51. Bg4 Qf1 52. Qxe6+ Bg6 53. Qf6 1/2-1/2

[Event "Slavonija"]
[Site "Vinkovci"]
[Date "2001.08.02"]
[Round "1"]
[White "Ozanic, Marijan"]
[Black "Jusic, Zdenko"]
[Result "0-1"]
[WhiteElo "2305"]
[BlackElo "2426"]
[PlyCount "56"]
[EventDate "2001.08.04"]
[EventType "tourn"]
[EventRounds "5"]
[EventCountry "CRO"]
[EventCategory "3"]
[SourceTitle "CBM 083 Extra"]
[Source "ChessBase"]
[SourceDate "2001.09.11"]
[SourceVersion "1"]
[SourceVersionDate "2001.09.11"]
[SourceQuality "1"]

1. e4 e6 2. Qe2 c5 3. Nf3 Nc6 4. g3 g6 5. Nc3 d6 6. Bg2 Bg7 7. 0-0 Rb8 8. a4 a6 9. Re1 h6 10. Ra3 Nge7 11. b3 0-0 12. Bb2 Kh7 13. Nd1 e5 14. Ne3 Be6 15. c4 b5 16. axb5 axb5 17. d3 Qd7 18. Rea1 f5 19. Nd5 f4 20. gxf4 Bg4 21. cxb5 Nxd5 22. exd5 Nd4 23. Bxd4 cxd4 24. Ra7 Qf5 25. Qe4 Qh5 26. Nxe5 Rbe8 27. Nxg6 Qxg6 28. Rxg7+ Kxg7 0-1

[Event "EU-chT Railways USIC"]
[Site "Dresden"]
[Date "2000.06.23"]
[Round "6.1"]
[White "Ozanic, Marijan"]
[Black "Maki, Veijo"]
[Result "0-1"]
[WhiteElo "2271"]
[BlackElo "2404"]
[PlyCount "84"]
[EventDate "2000.06.19"]
[EventType "team-swiss"]
[EventRounds "7"]
[EventCountry "GER"]
[SourceTitle "EXT 2002"]
[Source "ChessBase"]
[SourceDate "2001.11.25"]
[SourceVersion "1"]
[SourceVersionDate "2001.11.25"]
[SourceQuality "1"]
[WhiteTeam "Croatia (USIC)"]
[BlackTeam "Finland (USIC)"]
[WhiteTeamCountry "CRO"]
[BlackTeamCountry "FIN"]

1. e4 c5 2. Nf3 Nc6 3. d4 cxd4 4. Nxd4 Nf6 5. Nc3 d6 6. Be2 e5 7. Nf3 h6 8. h3 Be7 9. Be3 Be6 10. Qd2 d5 11. exd5 Nxd5 12. Nxd5 Qxd5 13. Qxd5 Bxd5 14. 0-0 0-0-0 15. a3 f5 16. Bb5 Bxf3 17. gxf3 f4 18. Bxc6 bxc6 19. Bc1 Bc5 20. Re1 g5 21. Kg2 Rhe8 22. Rb1 Rd5 23. b4 Bb6 24. c4 Rd3 25. c5 Bc7 26. a4 a6 27. b5 axb5 28. axb5 cxb5 29. Rxb5 h5 30. Re4 Rg8 31. Ra4 Kd7 32. Ra3 Rd1 33. Rc3 Kc6 34. Rb2 g4 35. hxg4 hxg4 36. Re2 g3 37. Rd2 gxf2+ 38. Kxf2 Rdg1 39. Ke2 R8g3 40. Bb2 R1g2+ 41. Kd1 Rxd2+ 42. Kxd2 Ba5 0-1

[Event "EU-chT Railways USIC"]
[Site "Dresden"]
[Date "2000.06.20"]
[Round "1.1"]
[White "Okkes, Menno"]
[Black "Ozanic, Marijan"]
[Result "1-0"]
[WhiteElo "2275"]
[BlackElo "2271"]
[PlyCount "137"]
[EventDate "2000.06.19"]
[EventType "team-swiss"]
[EventRounds "7"]
[EventCountry "GER"]
[SourceTitle "EXT 2002"]
[Source "ChessBase"]
[SourceDate "2001.11.25"]
[SourceVersion "1"]
[SourceVersionDate "2001.11.25"]
[SourceQuality "1"]
[WhiteTeam "Netherlands (USIC)"]
[BlackTeam "Croatia (USIC)"]
[WhiteTeamCountry "NED"]
[BlackTeamCountry "CRO"]

1. e4 c5 2. Nf3 Nc6 3. Bb5 a6 4. Bxc6 bxc6 5. 0-0 d6 6. h3 e5 7. c3 Nf6 8. Re1 Be7 9. d4 Qc7 10. dxe5 dxe5 11. c4 0-0 12. Nc3 Rd8 13. Qc2 Nd7 14. Na4 Nf8 15. Qc3 f6 16. b3 Ne6 17. Ba3 a5 18. Rad1 Bd7 19. Qe3 Qa7 20. Rd2 Be8 21. Red1 Rd4 22. Qe1 Rxd2 23. Rxd2 Bh5 24. Qe3 Bxf3 25. Qxf3 Nd4 26. Qg4 Rd8 27. Kh1 Kf7 28. Qh5+ Kg8 29. Qg4 Kf7 30. f4 Bd6 31. fxe5 fxe5 32. Bb2 Qe7 33. Bc3 Bc7 34. Bxd4 cxd4 35. Nb2 Rd6 36. Rf2+ Rf6 37. Qh5+ Kf8 38. Rxf6+ Qxf6 39. Qf3 Ke7 40. Qxf6+ gxf6 41. g4 Bd6 42. Kg2 Ba3 43. Nd3 Kf7 44. g5 Be7 45. gxf6 Kxf6 46. Kf3 h5 47. c5 Ke6 48. a4 Bd8 49. Kg3 Be7 50. Kf2 Bd8 51. Kf3 Be7 52. Kg3 Bd8 53. b4 axb4 54. Nxb4 Kd7 55. Nd3 Kc8 56. Kf3 Bc7 57. Ke2 Kb7 58. Kd1 Kc8 59. Kc2 Kd7 60. Kb3 Ke6 61. Kb4 Kf6 62. a5 Ke6 63. a6 Bb8 64. Nb2 Ba7 65. Nc4 d3 66. h4 Ke7 67. Nd2 Kd7 68. Kc4 Kc8 69. Nb3 1-0

[Event "CRO-chT2"]
[Site "Pula"]
[Date "1998.??.??"]
[Round "4"]
[White "Hodak, Stevo"]
[Black "Ozanic, Marijan"]
[Result "1-0"]
[WhiteElo "2200"]
[BlackElo "2265"]
[PlyCount "78"]
[EventDate "1998.??.??"]
[EventType "team"]
[EventRounds "9"]
[EventCountry "CRO"]
[SourceTitle "EXT 2000"]
[Source "ChessBase"]
[SourceDate "1999.11.16"]
[SourceVersion "1"]
[SourceVersionDate "1999.11.16"]
[SourceQuality "1"]

1. e4 c5 2. Nf3 e6 3. d4 cxd4 4. Nxd4 Nf6 5. Nc3 d6 6. Be3 a6 7. a4 Be7 8. Be2 0-0 9. 0-0 Nc6 10. f4 Qc7 11. Bf3 Re8 12. Qe1 Nxd4 13. Bxd4 e5 14. Bf2 exf4 15. Qd2 Be6 16. Qxf4 Nd7 17. Nd5 Bxd5 18. exd5 Ne5 19. Be4 g6 20. c3 f5 21. Bc2 Bf6 22. Bd4 Qg7 23. Rae1 Re7 24. Re3 Rae8 25. Rg3 Rf7 26. Bxf5 Bd8 27. Be6 Rxe6 28. Qxf7+ Nxf7 29. Bxg7 Re2 30. Bd4 Nh6 31. Re3 Rxe3 32. Bxe3 Nf5 33. Bd4 Ba5 34. g4 Ne7 35. b4 Bc7 36. c4 b5 37. cxb5 axb5 38. a5 Nxd5 39. a6 Bb6 1-0

[Event "CRO-chT2"]
[Site "Pula"]
[Date "1998.??.??"]
[Round "3"]
[White "Ozanic, Marijan"]
[Black "Biti, Ozren"]
[Result "1-0"]
[WhiteElo "2265"]
[BlackElo "2220"]
[PlyCount "63"]
[EventDate "1998.??.??"]
[EventType "team"]
[EventRounds "9"]
[EventCountry "CRO"]
[SourceTitle "EXT 2000"]
[Source "ChessBase"]
[SourceDate "1999.11.16"]
[SourceVersion "1"]
[SourceVersionDate "1999.11.16"]
[SourceQuality "1"]

1. e4 d6 2. d4 Nf6 3. Nc3 c6 4. f4 Qa5 5. Qd2 e5 6. Nf3 Nbd7 7. a3 Be7 8. b4 Qc7 9. Bd3 0-0 10. Bb2 b5 11. a4 bxa4 12. Nxa4 exd4 13. Nxd4 Nb6 14. Qc3 Nxa4 15. Rxa4 Bd7 16. 0-0 Rfc8 17. Nf5 Bxf5 18. exf5 Qb6+ 19. Kh1 Rab8 20. Rf3 c5 21. b5 d5 22. Qe1 c4 23. Bf1 Qxb5 24. Ra2 Re8 25. Qa1 Qd7 26. g4 Rxb2 27. Qxb2 Nxg4 28. Qd4 Nf6 29. Rxa7 Qb5 30. Qa1 h6 31. Rg3 Bc5 32. Qxf6 1-0

[Event "CRO-chT2"]
[Site "Pula"]
[Date "1998.??.??"]
[Round "6"]
[White "Ozanic, Marijan"]
[Black "Muslija, Idris"]
[Result "1-0"]
[WhiteElo "2265"]
[BlackElo "2245"]
[PlyCount "151"]
[EventDate "1998.??.??"]
[EventType "team"]
[EventRounds "9"]
[EventCountry "CRO"]
[SourceTitle "EXT 2000"]
[Source "ChessBase"]
[SourceDate "1999.11.16"]
[SourceVersion "1"]
[SourceVersionDate "1999.11.16"]
[SourceQuality "1"]

1. e4 c5 2. Nf3 d6 3. d4 cxd4 4. Nxd4 a6 5. c4 g6 6. Nc3 Bg7 7. Be3 Nf6 8. Be2 Nc6 9. 0-0 0-0 10. h3 Bd7 11. Qd2 Re8 12. Rfd1 Rc8 13. Rac1 Qa5 14. Nb3 Qb4 15. Qc2 Na5 16. Nxa5 Qxa5 17. Qb3 Bc6 18. f3 Nd7 19. Nd5 Nc5 20. Bxc5 Qxc5+ 21. Kh1 Qf2 22. Rc2 Qh4 23. Qe3 Bh6 24. Qg1 e6 25. Nb4 Bf4 26. Nd3 Bg3 27. Nb4 Bd7 28. b3 Rc5 29. Bf1 Bc8 30. Nd3 Rh5 31. Qe3 g5 32. Kg1 Rf8 33. c5 d5 34. exd5 exd5 35. c6 bxc6 36. Rxc6 Bb8 37. Qf2 Bg3 38. Qe3 g4 39. Rdc1 Bd7 40. fxg4 Bxc6 41. gxh5 Bb5 42. a4 Bd7 43. Rc5 Re8 44. Qf3 Qd4+ 45. Kh1 Re3 46. Qxd5 Rxd3 47. Qxd4 Rxd4 48. Rg5+ Kf8 49. Rxg3 Rd1 50. Kg1 h6 51. Rd3 Rxd3 52. Bxd3 a5 53. Kf2 Ke7 54. Ke3 Kd6 55. Kf4 f6 56. Bc4 Ke7 57. g4 Kf8 58. h4 Kg7 59. Bd5 Bc8 60. Bc4 Bd7 61. g5 Bc8 62. Bd5 Bd7 63. gxf6+ Kxf6 64. Ke4 Ke7 65. Ke5 Bg4 66. Bc4 Bf3 67. Bg8 Bc6 68. Bd5 Bd7 69. Bc4 Bc6 70. b4 axb4 71. a5 Bb7 72. Kf5 Kd6 73. a6 Bc6 74. a7 Ke7 75. Ke5 b3 76. Bxb3 1-0